[Event "DEN-ch 2019"]
[Site "Svendborg"]
[Date "2019.04.19"]
[Round "7.3"]
[White "Teplyi, Igor"]
[Black "Hansen, Sune Berg"]
[Result "0-1"]
[WhiteElo "2418"]
[BlackElo "2590"]
[Annotator "ChessBase"]
[PlyCount "94"]
[EventDate "2019.04.13"]
[EventType "tourn"]
[EventCountry "DEN"]
[SourceTitle "playchess.com"]
[Source "ChessBase"]
[SourceQuality "1"]
[TimeControl "40/5400+30:1800+30"]

1. d4 {[%emt 0:00:00]} Nf6 {[%emt 0:00:00]} 2. c4 {[%emt 0:00:00]} g6 {[%emt 0:00:36]} 3. Nc3 {[%emt 0:00:02]} d5 {[%emt 0:00:42]} 4. Nf3 {[%emt 0:01:49]} Bg7 {[%emt 0:03:18]} 5. h3 {[%emt 0:01:51]} O-O {[%emt 0:01:51]} 6. cxd5 {[%emt 0:00:06]} Nxd5 {[%emt 0:00:05]} 7. e4 {[%emt 0:00:07]} Nxc3 {[%emt 0:00:04]} 8. bxc3 {[%emt 0:00:04]} c5 {[%emt 0:00:04]} 9. Be2 {[%emt 0:00:09]} cxd4 {[%emt 0:02:50]} 10. cxd4 {[%emt 0:00:13]} Nc6 {[%emt 0:00:03]} 11. Be3 {[%emt 0:00:47]} f5 {[%emt 0:00:54]} 12. exf5 {[%emt 0:05:48]} Qa5+ {[%emt 0:07:18]} 13. Qd2 {[%emt 0:03:43]} Qxd2+ {[%emt 0:02:54]} 14. Kxd2 {[%emt 0:01:27]} Bxf5 {[%emt 0:01:22]} 15. Rhd1 {[%emt 0:23:30]} Rac8 {[%emt 0:15:28]} 16. Rac1 {[%emt 0:03:29]} Be6 {[%emt 0:10:35]} 17. Bc4 {[%emt 0:26:36]} Nxd4 {[%emt 0:03:56]} 18. Bxe6+ {[%emt 0:00:07]} Nxe6 {[%emt 0:00:04]} 19. Bxa7 {[%emt 0:01:24]} Ra8 {[%emt 0:13:43]} 20. Be3 {[%emt 0:00:47]} Rxa2+ {[%emt 0:00:10]} 21. Ke1 {[%emt 0:00:13]} Rb8 {[%emt 0:05:23]} 22. Rd7 {[%emt 0:04:12]} Bf6 {[%emt 0:03:12]} 23. Bb6 {[%emt 0:07:55]} Kf7 {[%emt 0:01:15]} 24. Rb1 {[%emt 0:02:58]} Ke8 {[%emt 0:01:38]} 25. Rd3 {[%emt 0:03:15]} Nf4 {[%emt 0:02:55]} 26. Rdb3 {[%emt 0:00:10]} Rc8 {[%emt 0:00:08]} 27. Kf1 {[%emt 0:01:54]} Rcc2 {[%emt 0:04:16]} 28. Ne1 {[%emt 0:01:36]} Rcb2 {[%emt 0:02:50]} 29. g3 {[%emt 0:05:22]} Nd5 {[%emt 0:01:46]} 30. R1xb2 {[%emt 0:02:21]} Rxb2 {[%emt 0:00:08]} 31. Rxb2 {[%emt 0:00:04]} Bxb2 {[%emt 0:00:05]} 32. Ba5 {[%emt 0:00:30]} Bc3 {[%emt 0:04:59]} 33. Bxc3 {[%emt 0:00:07]} Nxc3 {[%emt 0:00:01]} 34. Nd3 {[%emt 0:00:11]} Kd7 {[%emt 0:00:41]} 35. Ke1 {[%emt 0:00:16]} Kd6 {[%emt 0:01:25]} 36. Kd2 {[%emt 0:00:11]} Ne4+ {[%emt 0:00:11]} 37. Ke3 {[%emt 0:00:10]} Nc5 {[%emt 0:00:10]} 38. Nb4 {[%emt 0:00:40]} Na6 {[%emt 0:00:23]} 39. Nd3 {[%emt 0:00:25]} Kd5 {[%emt 0:00:43]} 40. Nf4+ {[%emt 0:01:11]} Kc4 {[%emt 0:00:30]} 41. Ne6 {[%emt 0:30:58]} Nb4 {[%emt 0:39:46]} 42. g4 {[%emt 0:00:00]} Nd5+ {[%emt 0:00:00]} 43. Ke4 {[%emt 0:00:00]} b5 {[%emt 0:00:00]} 44. Nd4 {[%emt 0:00:00]} Nf6+ {[%emt 0:00:00]} 45. Ke5 {[%emt 0:00:00]} Nd7+ {[%emt 0:00:00]} 46. Ke4 {[%emt 0:00:00]} Nc5+ {[%emt 0:00:00]} 47. Ke3 {[%emt 0:00:00]} b4 {[%emt 0:00:00]} 0-1

[Event "DEN-ch 2019"]
[Site "Svendborg"]
[Date "2019.04.19"]
[Round "7.4"]
[White "Chatalbashev, Boris"]
[Black "Aabling-Thomsen, Jakob"]
[Result "1-0"]
[WhiteElo "2521"]
[BlackElo "2358"]
[Annotator "TA"]
[PlyCount "47"]
[EventDate "2019.04.13"]
[EventType "tourn"]
[EventCountry "DEN"]
[SourceTitle "playchess.com"]
[Source "ChessBase"]
[SourceQuality "1"]

{[%evp 19,47,14,12,0,0,0,0,0,0,0,0,0,0,0,3,2,297,277,383,379,539,518,1254,1160,29993,29994,29994,29995,29995,29996]} 1. d4 Nf6 2. c4 g6 3. Nc3 Bg7 4. e4 d6 5. Be2 O-O 6. Bg5 c5 7. d5 e6 8. Qd2 exd5 9. exd5 Qb6 10. Nf3 Bf5 11. Nh4 {Hoping for Bxf6. E75: King's Indian: Averbakh Variation: 6...c5 7 d5 e6} Ne4 12. Nxe4 Bxe4 13. f3 {The position is equal.} h6 $1 {[%cal Rh6g5]} ({Don't play} 13... Qxb2 14. Rc1 $16) ({But not} 13... Bxb2 $6 14. Rd1 $16) 14. Bxh6 Bxh6 15. Qxh6 Qxb2 16. O-O Bc2 17. Rac1 $40 {[%mdl 128] aiming for Rf2. Black needs to defend precisely.} Nd7 $2 {[%mdl 8192] [#]} (17... Re8 $1 $11 {and Black stays safe.} 18. Qd2 Qf6) 18. Rf2 $1 $18 Ba4 19. Bd1 {[%mdl 64] Discovered Attack} Qa3 (19... Qg7 $142 20. Qxg7+ Kxg7 21. Bxa4 Nb6) 20. Bxa4 Qxa4 (20... Ne5 $142 21. Bc2 Rae8) 21. f4 {Threatening mate with Nxg6!} Nf6 {[#]} 22. Nf5 $1 {[%mdl 512] [#] White mates.} gxf5 $146 23. Qg5+ Kh7 24. Rf3 {Accuracy: White = 87%, Black = 11%.} 1-0

[Event "DEN-ch 2019"]
[Site "Svendborg"]
[Date "2019.04.19"]
[Round "7.5"]
[White "Rasmussen, Allan Stig"]
[Black "Bjerre, Jonas Buhl"]
[Result "1/2-1/2"]
[WhiteElo "2541"]
[BlackElo "2470"]
[Annotator "ChessBase"]
[PlyCount "139"]
[EventDate "2019.04.13"]
[EventType "tourn"]
[EventCountry "DEN"]
[SourceTitle "playchess.com"]
[Source "ChessBase"]
[SourceQuality "1"]
[TimeControl "40/5400+30:1800+30"]

1. e4 {[%emt 0:00:00]} c5 {[%emt 0:00:00]} 2. Nf3 {[%emt 0:00:00]} d6 {[%emt 0:00:00]} 3. d4 {[%emt 0:00:00]} cxd4 {[%emt 0:00:00]} 4. Nxd4 {[%emt 0:00:00]} Nf6 {[%emt 0:00:00]} 5. Nc3 {[%emt 0:00:08]} a6 {[%emt 0:00:00]} 6. Bg5 {[%emt 0:00:12]} Nbd7 {[%emt 0:01:00]} 7. Bc4 {[%emt 0:00:16]} Qb6 {[%emt 0:01:10]} 8. Bb3 {[%emt 0:00:15]} e6 {[%emt 0:01:19]} 9. Qd2 {[%emt 0:00:17]} Be7 {[%emt 0:02:12]} 10. O-O-O {[%emt 0:00:23]} Nc5 {[%emt 0:01:14]} 11. Rhe1 {[%emt 0:00:54]} Qc7 {[%emt 0:04:58]} 12. f4 {[%emt 0:01:48]} h6 {[%emt 0:02:48]} 13. Bxf6 {[%emt 0:14:46]} Bxf6 {[%emt 0:01:10]} 14. g4 {[%emt 0:12:04]} Bd7 {[%emt 0:07:52]} 15. Nf3 {[%emt 0:02:55]} O-O-O {[%emt 0:13:49]} 16. Qxd6 {[%emt 0:12:47]} Qxd6 {[%emt 0:11:54]} 17. Rxd6 {[%emt 0:00:04]} Bc6 {[%emt 0:00:40]} 18. Rxd8+ {[%emt 0:03:52]} Rxd8 {[%emt 0:01:17]} 19. g5 {[%emt 0:11:13]} Bxc3 {[%emt 0:06:18]} 20. bxc3 {[%emt 0:00:03]} Bxe4 {[%emt 0:04:14]} 21. Ne5 {[%emt 0:04:10]} Rf8 {[%emt 0:04:01]} 22. gxh6 {[%emt 0:01:16]} gxh6 {[%emt 0:00:13]} 23. Re3 {[%emt 0:07:47]} Bf5 {[%emt 0:05:15]} 24. Bc4 {[%emt 0:00:16]} Kc7 {[%emt 0:06:19]} 25. Bd3 {[%emt 0:02:06]} f6 {[%emt 0:04:29]} 26. Nf3 {[%emt 0:01:28]} Rg8 {[%emt 0:02:30]} 27. Bxf5 {[%emt 0:01:35]} exf5 {[%emt 0:00:05]} 28. Nd4 {[%emt 0:01:17]} Rg1+ {[%emt 0:01:23]} 29. Kb2 {[%emt 0:00:36]} Rf1 {[%emt 0:00:53]} 30. Rh3 {[%emt 0:03:57]} Rxf4 {[%emt 0:01:44]} 31. Rxh6 {[%emt 0:00:07]} Rf2 {[%emt 0:00:57]} 32. Rxf6 {[%emt 0:07:24]} Rxh2 {[%emt 0:01:27]} 33. Rxf5 {[%emt 0:00:08]} Kb6 {[%emt 0:02:12]} 34. Rf6+ {[%emt 0:01:29]} Ka7 {[%emt 0:01:24]} 35. Rf3 {[%emt 0:03:00]} Rh6 {[%emt 0:03:32]} 36. Nb3 {[%emt 0:00:54]} Na4+ {[%emt 0:02:46]} 37. Ka3 {[%emt 0:00:06]} Nb6 {[%emt 0:00:16]} 38. Nd4 {[%emt 0:08:35]} Rh7 {[%emt 0:01:48]} 39. Kb3 {[%emt 0:00:17]} Rc7 {[%emt 0:00:43]} 40. Rh3 {[%emt 0:00:35]} Nc4 {[%emt 0:01:23]} 41. a4 {[%emt 0:03:28]} Na5+ {[%emt 0:02:18]} 42. Ka3 {[%emt 0:01:27]} b6 {[%emt 0:03:38]} 43. Ne6 {[%emt 0:03:27]} Rc6 {[%emt 0:02:18]} 44. Nf4 {[%emt 0:00:28]} Rc5 {[%emt 0:02:37]} 45. Rd3 {[%emt 0:00:47]} Kb7 {[%emt 0:03:43]} 46. Nd5 {[%emt 0:01:57]} Nc4+ {[%emt 0:01:51]} 47. Kb3 {[%emt 0:00:58]} Na5+ {[%emt 0:01:14]} 48. Ka2 {[%emt 0:01:12]} Nc4 {[%emt 0:02:06]} 49. Rd4 {[%emt 0:00:45]} Na5 {[%emt 0:02:47]} 50. Ka3 {[%emt 0:00:46]} Nc6 {[%emt 0:00:49]} 51. Rd1 {[%emt 0:00:25]} Na5 {[%emt 0:00:38]} 52. Rd3 {[%emt 0:01:51]} Nc4+ {[%emt 0:00:40]} 53. Kb3 {[%emt 0:00:23]} Na5+ {[%emt 0:01:31]} 54. Ka2 {[%emt 0:00:10]} Nc6 {[%emt 0:01:26]} 55. Ka3 {[%emt 0:02:03]} Ne5 {[%emt 0:00:46]} 56. Rd1 {[%emt 0:00:49]} Nc4+ {[%emt 0:00:37]} 57. Ka2 {[%emt 0:01:38]} Na5 {[%emt 0:00:59]} 58. Rd3 {[%emt 0:00:34]} Nc6 {[%emt 0:00:13]} 59. Ka3 {[%emt 0:01:01]} Ne5 {[%emt 0:00:34]} 60. Rd4 {[%emt 0:00:53]} Nc6 {[%emt 0:01:02]} 61. Rd1 {[%emt 0:00:20]} Na5 {[%emt 0:00:46]} 62. Rd3 {[%emt 0:00:55]} Nc4+ {[%emt 0:00:39]} 63. Kb3 {[%emt 0:00:48]} Na5+ {[%emt 0:00:07]} 64. Kb4 {[%emt 0:00:14]} Nc6+ {[%emt 0:00:30]} 65. Ka3 {[%emt 0:00:09]} Ne5 {[%emt 0:00:18]} 66. Rd1 {[%emt 0:00:08]} Nc4+ {[%emt 0:00:59]} 67. Kb4 {[%emt 0:00:08]} Na5 {[%emt 0:00:21]} 68. Rd3 {[%emt 0:01:07]} Nc6+ {[%emt 0:00:18]} 69. Kb3 {[%emt 0:00:17]} Na5+ {[%emt 0:00:15]} 70. Ka2 {[%emt 0:02:13]} 1/2-1/2

[Event "DEN-ch 2019"]
[Site "Svendborg"]
[Date "2019.04.21"]
[Round "9.1"]
[White "Bjerre, Jonas Buhl"]
[Black "Antonsen, Mikkel"]
[Result "1/2-1/2"]
[WhiteElo "2470"]
[BlackElo "2426"]
[Annotator "ChessBase"]
[PlyCount "77"]
[EventDate "2019.04.13"]
[EventType "tourn"]
[EventCountry "DEN"]
[SourceTitle "playchess.com"]
[Source "ChessBase"]
[SourceQuality "1"]
[TimeControl "40/5400+30:1800+30"]

1. e4 {[%emt 0:00:08]} c5 {[%emt 0:00:00]} 2. Nf3 {[%emt 0:00:34]} Nc6 {[%emt 0:00:00]} 3. d4 {[%emt 0:00:36]} cxd4 {[%emt 0:00:11]} 4. Nxd4 {[%emt 0:00:05]} Nf6 {[%emt 0:00:05]} 5. Nc3 {[%emt 0:00:05]} e5 {[%emt 0:00:05]} 6. Ndb5 {[%emt 0:00:42]} d6 {[%emt 0:00:13]} 7. Bg5 {[%emt 0:01:03]} a6 {[%emt 0:00:28]} 8. Na3 {[%emt 0:00:09]} b5 {[%emt 0:00:13]} 9. Nd5 {[%emt 0:00:30]} Be7 {[%emt 0:01:17]} 10. Bxf6 {[%emt 0:00:06]} Bxf6 {[%emt 0:00:03]} 11. c3 {[%emt 0:00:11]} Bg5 {[%emt 0:01:03]} 12. Nc2 {[%emt 0:00:53]} Rb8 {[%emt 0:00:46]} 13. a4 {[%emt 0:04:25]} bxa4 {[%emt 0:00:30]} 14. Ncb4 {[%emt 0:00:10]} Nxb4 {[%emt 0:09:43]} 15. Nxb4 {[%emt 0:00:44]} Bd7 {[%emt 0:00:23]} 16. Bxa6 {[%emt 0:00:55]} Qa5 {[%emt 0:03:55]} 17. Qxd6 {[%emt 0:04:09]} Rb6 {[%emt 0:00:18]} 18. Qd3 {[%emt 0:00:25]} Be7 {[%emt 0:01:59]} 19. Nd5 {[%emt 0:02:24]} Rxb2 {[%emt 0:00:18]} 20. O-O {[%emt 0:00:35]} Qc5 {[%emt 0:03:41]} 21. Rad1 {[%emt 0:14:43]} Bg4 {[%emt 0:20:26]} 22. Rb1 {[%emt 0:16:05]} Be2 {[%emt 0:11:20]} 23. Qxe2 {[%emt 0:02:42]} Rxe2 {[%emt 0:00:40]} 24. Rb8+ {[%emt 0:01:25]} Bd8 {[%emt 0:01:37]} 25. Bb5+ {[%emt 0:01:35]} Qxb5 {[%emt 0:00:22]} 26. Rxb5 {[%emt 0:03:09]} Rxe4 {[%emt 0:06:32]} 27. Ra1 {[%emt 0:01:46]} O-O {[%emt 0:04:12]} 28. Rb4 {[%emt 0:01:50]} Rxb4 {[%emt 0:02:10]} 29. cxb4 {[%emt 0:00:37]} Bg5 {[%emt 0:00:05]} 30. Rxa4 {[%emt 0:01:08]} Rd8 {[%emt 0:00:04]} 31. Ra5 {[%emt 0:01:18]} f6 {[%emt 0:05:00]} 32. Kf1 {[%emt 0:03:17]} Kf7 {[%emt 0:00:06]} 33. Ke2 {[%emt 0:07:48]} Ke6 {[%emt 0:00:12]} 34. Ne3 {[%emt 0:00:44]} Bxe3 {[%emt 0:01:11]} 35. Kxe3 {[%emt 0:03:07]} Rb8 {[%emt 0:00:49]} 36. Ra7 {[%emt 0:07:36]} Rxb4 {[%emt 0:02:16]} 37. Rxg7 {[%emt 0:00:10]} Rh4 {[%emt 0:00:37]} 38. h3 {[%emt 0:01:26]} f5 {[%emt 0:00:08]} 39. Ra7 1/2-1/2

[Event "DEN-ch 2019"]
[Site "Svendborg"]
[Date "2019.04.21"]
[Round "9.2"]
[White "Rasmussen, Allan Stig"]
[Black "Thybo, Jesper Sondergaard"]
[Result "1/2-1/2"]
[WhiteElo "2541"]
[BlackElo "2513"]
[Annotator "TA"]
[PlyCount "128"]
[EventDate "2019.04.13"]
[EventType "tourn"]
[EventCountry "DEN"]
[SourceTitle "playchess.com"]
[Source "ChessBase"]
[SourceQuality "1"]

{[%evp 12,128,0,0,21,0,0,0,0,0,18,5,56,-10,37,17,17,26,44,48,59,53,137,111,147,143,241,234,239,225,273,272,270,271,279,257,297,264,356,362,331,347,347,230,229,195,214,184,305,314,314,306,281,241,216,179,176,177,169,93,64,50,202,227,193,143,141,134,153,106,110,110,110,100,119,114,564,214,564,564,502,225,218,210,450,449,446,420,366,189,246,215,131,117,217,141,346,117,110,0,0,0,0,0,0,0,0,0,0,0,0,0,0,0,0,0,0,0,0]} 1. c4 e5 2. Nc3 Nf6 3. Nf3 Nc6 4. g3 d5 5. cxd5 Nxd5 6. Bg2 Nb6 7. a3 g6 {A29: English Opening: Four Knights Variation with 4 g3} (7... Be7 8. b4 O-O 9. d3 Re8 10. O-O Bf8 11. Bb2 a5 12. b5 Nd4 13. Nd2 c6 14. bxc6 Nxc6 15. Nc4 Be6 16. Nxb6 Qxb6 17. Rb1 Rad8 18. Ba1 Qc7 19. Qa4 Bd7 20. Qc4 Qc8 21. Bd5 {1-0 (45) Van Wely,L (2695)-Vachier Lagrave,M (2796) chess.com INT 2017}) 8. d3 Bg7 9. O-O O-O 10. Bg5 f6 11. Be3 f5 ({Better is} 11... Be6 $11) 12. Rc1 (12. a4 $1 $14) 12... h6 13. b4 {[%cal Bb2b4,Bb4b5][%mdl 32]} Kh7 $146 ({Predecessor:} 13... Be6 14. Na4 Nxa4 15. Qxa4 Nd4 16. Nxd4 exd4 17. Bd2 c6 18. b5 cxb5 19. Qxb5 {1-0 (54) Nuevo Perez,A (2250)-Domingo Garcia,J (2165) Granada 1991}) 14. Bc5 Re8 15. e4 f4 16. b5 $36 {[%mdl 2048] White has the initiative.} Ne7 (16... Nd7 $14) 17. d4 $16 exd4 18. Nxd4 Ng8 (18... fxg3 $16 19. hxg3 Ng8) 19. gxf4 $18 Nd7 20. Nd5 Ngf6 21. Bb4 $1 Nxd5 22. exd5 {Hoping for Ne6.} Nf8 23. Qd3 a5 24. bxa6 Rxa6 25. Nb5 Bf5 26. Qd2 c5 27. dxc6 (27. Bxc5 $6 Qd7 $18) 27... bxc6 28. Nd6 ({Much less strong is} 28. Rxc6 $6 Qxd2 29. Bxd2 Rxc6 $16) 28... Re6 29. Rfd1 ({Don't take} 29. Bxc6 $6 Bh3 $16) 29... Qh4 (29... Bg4 $142) 30. Nxf5 gxf5 31. Qd3 c5 32. Rxc5 Rg6 {With the idea ...Qg4.} 33. Rxf5 Qg4 {[%csl Gg6][%cal Rg4g2]} 34. Qd5 Ne6 {[#]} 35. h3 (35. Kh1 $1 $18 Nxf4 36. Rxf4 Qxf4 37. Be4 Qxf2 38. Bc5) 35... Qxh3 $16 36. Rf7 Nxf4 $2 ({Black should play} 36... Qg4 $1 $14) 37. Rxf4 $18 Rxg2+ 38. Qxg2 Rg6 39. Qxg6+ $1 Kxg6 40. Re1 Qd7 41. Rf3 Bf6 42. Rg3+ Kf7 43. Ree3 {Ref3 is the strong threat.} h5 $2 {[%mdl 8192]} (43... Qd1+ $16 44. Re1 Qc2) 44. Rd3 $2 (44. Bc3 Bxc3 45. Rxc3) 44... Qc8 $2 (44... Qb7 {is tougher.} 45. Bc3 Bxc3) 45. Rgf3 Kg7 46. Rd5 (46. Bc3 $142 Bxc3 47. Rxc3) 46... h4 47. Rdf5 Qc1+ $2 (47... Bd8 48. Bc3+ Kg6) 48. Kg2 Bd8 49. Bc3+ Kg6 50. Rd5 (50. Bf6 $142 h3+ {[%mdl 64] Decoy} 51. Kxh3 Qh1+ 52. Kg4 Qg1+ 53. Rg3 Qd1+ 54. Kf4+ Kh6 55. Bxd8 Qd6+ 56. Kg4 Qxd8 57. Rh5+ Kg6 58. Rg5+ Kf6 59. Rf5+ Kg6 60. Rf4 {[%mdl 64] Decoy}) 50... Bg5 (50... Be7 $142 51. Re5 Bd8) 51. a4 Qc2 52. Rd4 Kh5 (52... Qa2 $16 53. Rfd3 Qe2) 53. Rfd3 Qb1 $2 {[#]} (53... Be7 $16 {was worth a try.} 54. a5 Bc5 55. Rd5+ {[%mdl 64] Double Attack} Kg6) 54. Rd5 $2 (54. a5 $1 $18 {and the rest is easy.}) 54... Kg6 $16 55. a5 ({White should try} 55. Rd6+ $16 Kf7 56. a5) 55... h3+ $1 $11 {[%mdl 64] Decoy. The position is equal.} 56. Kxh3 Qh1+ 57. Kg3 {Black must now prevent Bd2.} Qg1+ 58. Kf3 Qh1+ 59. Ke2 Qe4+ 60. Kd1 {Threatens to win with Rd6+.} Qa4+ $1 61. Ke1 {Strongly threatening R5d4.} Qe4+ 62. Kf1 {And now Kg1 would win.} Qh1+ 63. Ke2 Qe4+ 64. Kf1 {aiming for Kg1.} Qh1+ {Accuracy: White = 48%, Black = 41%.} 1/2-1/2

[Event "DEN-ch 2019"]
[Site "Svendborg"]
[Date "2019.04.21"]
[Round "9.3"]
[White "Olsen, Filip Boe"]
[Black "Hansen, Sune Berg"]
[Result "0-1"]
[WhiteElo "2414"]
[BlackElo "2590"]
[Annotator "TA"]
[PlyCount "82"]
[EventDate "2019.04.13"]
[EventType "tourn"]
[EventCountry "DEN"]
[SourceTitle "playchess.com"]
[Source "ChessBase"]
[SourceQuality "1"]

{[%evp 18,84,40,26,53,54,48,49,46,51,49,53,61,27,43,-64,-50,-52,-52,-54,-47,-48,-58,-68,-97,-122,-102,-78,-85,-96,-54,-83,-48,-105,-54,-142,-49,-124,-14,-150,-114,-156,-127,-212,-177,-193,-191,-270,-262,-311,-311,-316,-318,-316,-310,-318,-314,-314,-312,-393,-358,-664,-623,-775,-802,-785,-763,-750,-752]} 1. d4 d6 2. Nf3 g6 3. g3 Bg7 4. Bg2 Nf6 5. O-O O-O 6. c4 Nbd7 7. Nc3 e5 8. e4 exd4 9. Nxd4 Re8 10. Be3 Ne5 {E68: King's Indian: Fianchetto: 6...Nbd7 7 0-0 e5 8 e4} 11. b3 $1 Nfg4 12. Bc1 Nc6 {White is slightly better.} 13. Nde2 $146 ({Predecessor:} 13. Nxc6 bxc6 14. Qd2 Rb8 15. Bb2 c5 16. Rad1 Ne5 17. f4 Nc6 18. Rde1 {1-0 (60) Bradford,J (2425)-Browne,W (2515) Linares 1992}) 13... a5 14. Bb2 Bd7 15. h3 Nf6 16. f4 {[#]} (16. f3 $14) 16... Nxe4 $1 $15 {[%mdl 512]} 17. Bxe4 (17. Nxe4 Bxb2) 17... Rxe4 18. Nxe4 Bxb2 19. Rb1 Bg7 20. Nf2 {[#]} a4 $1 {[%mdl 512]} 21. Qd2 (21. bxa4 b6) 21... axb3 22. axb3 Ra3 23. g4 b6 {[%mdl 1024] Black has strong compensation.} 24. Rfe1 h6 25. Kh2 ({White should play} 25. Red1 $15) 25... Qa8 ({Better is} 25... Qh4 $17 26. Qe3 h5) 26. Qe3 (26. Kg1 $1 $15) 26... Ra2 (26... Na5 $17 27. Nc3 Nxb3) 27. Kg3 (27. Red1 $15) 27... Qd8 (27... g5 $17 28. Qf3 Qd8) 28. b4 (28. Ne4 $11) 28... h5 29. Rb3 Bf6 {aiming for ...Nd4!} 30. g5 {[#]} (30. Kg2 $17) 30... Ne7 $1 $36 {[%cal Re7f5][%mdl 2048] ...Nf5+ is the strong threat. Black is really pushing.} 31. Kh2 Nf5 32. Qe4 (32. Qd3 $142 Bd4 33. Nxd4 Rxf2+ {[%mdl 64] Double Attack} 34. Kg1 Rxf4 35. Nxf5 Rxf5 36. h4) 32... Bg7 33. b5 Be6 34. Rd3 Qb8 35. Kg1 {[#]} Ra4 $1 36. Rc1 Kh7 37. Qc6 Qa7 38. Ne4 Ra3 39. Rxa3 $2 (39. N4c3 Ne7 40. Qe4) 39... Qxa3 {Black is clearly winning.} 40. Rc3 Qa2 41. Kf1 {[#]} Bxc3 {Played: Nf5-d4} 0-1

[Event "DEN-ch 2019"]
[Site "Svendborg"]
[Date "2019.04.21"]
[Round "9.4"]
[White "Ochsner, Bjorn Moller"]
[Black "Chatalbashev, Boris"]
[Result "1/2-1/2"]
[WhiteElo "2486"]
[BlackElo "2521"]
[Annotator "ChessBase"]
[PlyCount "107"]
[EventDate "2019.04.13"]
[EventType "tourn"]
[EventCountry "DEN"]
[SourceTitle "playchess.com"]
[Source "ChessBase"]
[SourceQuality "1"]
[TimeControl "40/5400+30:1800+30"]

1. e4 {[%emt 0:00:00]} g6 {[%emt 0:00:00]} 2. d4 {[%emt 0:00:00]} Bg7 {[%emt 0:00:00]} 3. Nc3 {[%emt 0:00:08]} d5 {[%emt 0:00:00]} 4. exd5 {[%emt 0:00:38]} Nf6 {[%emt 0:00:05]} 5. Bc4 {[%emt 0:00:53]} Nbd7 {[%emt 0:00:23]} 6. Bg5 {[%emt 0:00:43]} Nb6 {[%emt 0:00:09]} 7. Bxf6 {[%emt 0:03:50]} Bxf6 {[%emt 0:00:17]} 8. Bb3 {[%emt 0:00:22]} O-O {[%emt 0:00:06]} 9. Nge2 {[%emt 0:00:38]} a5 {[%emt 0:00:08]} 10. a4 {[%emt 0:00:29]} c6 {[%emt 0:00:23]} 11. dxc6 {[%emt 0:00:37]} bxc6 {[%emt 0:00:05]} 12. O-O {[%emt 0:00:17]} Ba6 {[%emt 0:00:50]} 13. Ne4 {[%emt 0:02:41]} Bg7 {[%emt 0:03:13]} 14. c3 {[%emt 0:17:17]} Nd7 {[%emt 0:00:30]} 15. Bc2 {[%emt 0:10:32]} Qb6 {[%emt 0:12:47]} 16. Bd3 {[%emt 0:03:52]} Qxb2 {[%emt 0:13:03]} 17. Bxa6 {[%emt 0:00:20]} Rxa6 {[%emt 0:00:07]} 18. Qd3 {[%emt 0:00:20]} Qb7 {[%emt 0:01:19]} 19. Rab1 {[%emt 0:01:09]} Rb6 {[%emt 0:06:01]} 20. Rxb6 {[%emt 0:10:35]} Qxb6 {[%emt 0:00:23]} 21. Rb1 {[%emt 0:01:03]} Qc7 {[%emt 0:02:50]} 22. Qa6 {[%emt 0:03:14]} Rb8 {[%emt 0:01:10]} 23. Rxb8+ {[%emt 0:01:32]} Qxb8 {[%emt 0:00:05]} 24. f3 {[%emt 0:01:32]} Bh6 {[%emt 0:04:38]} 25. Kf2 {[%emt 0:01:38]} Nb6 {[%emt 0:06:19]} 26. g3 {[%emt 0:10:30]} Nxa4 {[%emt 0:05:55]} 27. Qxa5 {[%emt 0:03:56]} Nb2 {[%emt 0:00:08]} 28. f4 {[%emt 0:01:20]} Nd1+ {[%emt 0:03:37]} 29. Kf3 {[%emt 0:01:24]} Qb1 {[%emt 0:04:15]} 30. Nf2 {[%emt 0:05:11]} Nxf2 {[%emt 0:07:57]} 31. Kxf2 {[%emt 0:00:06]} Qh1 {[%emt 0:00:05]} 32. h4 {[%emt 0:02:26]} e6 {[%emt 0:00:45]} 33. Qe5 {[%emt 0:07:56]} Bf8 {[%emt 0:01:45]} 34. Ke3 {[%emt 0:00:53]} c5 {[%emt 0:07:29]} 35. dxc5 {[%emt 0:01:23]} h5 {[%emt 0:01:28]} 36. Kd3 {[%emt 0:02:02]} Qd1+ {[%emt 0:03:47]} 37. Ke3 {[%emt 0:02:19]} Qa4 {[%emt 0:00:51]} 38. Nd4 {[%emt 0:02:55]} Qc4 {[%emt 0:01:39]} 39. c6 {[%emt 0:01:28]} Qxc3+ {[%emt 0:00:30]} 40. Ke2 {[%emt 0:00:22]} Qc4+ {[%emt 0:06:00]} 41. Kd2 {[%emt 0:15:00]} Kh7 {[%emt 0:29:26]} 42. Qe4 {[%emt 0:08:09]} Bb4+ {[%emt 0:02:15]} 43. Ke3 {[%emt 0:03:21]} Qc1+ {[%emt 0:03:19]} 44. Kf3 {[%emt 0:03:05]} Qh1+ {[%emt 0:01:46]} 45. Ke3 {[%emt 0:00:01]} Bd2+ {[%emt 0:01:16]} 46. Kd3 {[%emt 0:00:03]} Qb1+ {[%emt 0:00:06]} 47. Nc2 {[%emt 0:00:14]} Ba5 {[%emt 0:00:02]} 48. Kc4 {[%emt 0:01:36]} Qb2 {[%emt 0:02:05]} 49. Qd3 {[%emt 0:00:53]} Qb1 {[%emt 0:01:17]} 50. Qb3 {[%emt 0:00:33]} Qf1+ {[%emt 0:00:17]} 51. Qd3 {[%emt 0:00:26]} Qb1 {[%emt 0:00:33]} 52. Qb3 {[%emt 0:00:05]} Qf1+ {[%emt 0:00:08]} 53. Qd3 {[%emt 0:02:24]} Qb1 {[%emt 0:01:00]} 54. Qb3 {[%emt 0:00:11]} 1/2-1/2